|
|
|
|
| LEADER |
00000nam0a2200000 4500 |
| 001 |
193472 |
| 005 |
20231031181945.0 |
| 035 |
|
|
|a (RuTPU)RU\TPU\book\211006
|
| 090 |
|
|
|a 193472
|
| 100 |
|
|
|a 20110323d1963 m y0rusy50 ca
|
| 101 |
0 |
|
|a rus
|
| 102 |
|
|
|a RU
|
| 105 |
|
|
|a a z 000zy
|
| 200 |
1 |
|
|a Ракеты мира и войны
|f В. П. Петров
|
| 210 |
|
|
|a Москва
|c Изд-во ДОСААФ СССР
|d 1963
|
| 215 |
|
|
|a 172 с.
|c ил.
|
| 610 |
1 |
|
|a ракеты
|
| 610 |
1 |
|
|a спутники
|
| 610 |
1 |
|
|a ориентация
|
| 610 |
1 |
|
|a космическое пространство
|
| 610 |
1 |
|
|a космическая связь
|
| 610 |
1 |
|
|a космические корабли
|
| 610 |
1 |
|
|a космические войны
|
| 610 |
1 |
|
|a мирное использование
|
| 675 |
|
|
|a 629.19
|v 3
|
| 700 |
|
1 |
|a Петров
|b В. П.
|g Виктор Павлович
|
| 801 |
|
1 |
|a RU
|b 63413507
|c 20110323
|
| 801 |
|
2 |
|a RU
|b 63413507
|c 20110914
|g RCR
|
| 942 |
|
|
|c BK
|